000 00592nam a22002177a 4500
003 KOHA_MİRAKIL
005 20260330092743.0
008 260330b tu ||||| |||| 00| 0 tur d
020 _a9786051858470
040 _aTR-AnABB
_btur
_cTR-AnABB
041 _atur
082 _a813.42
_bKOC 2022
100 1 _aKoçak, Gülayşe
245 1 0 _aBeşinci kat /
_cGülayşe Koçak
250 _a1. basım
260 _aİstanbul :
_bEverest,
_c2022
300 _a326 sayfa ;
_c20 cm
500 _aYazar tarafından imzalı
650 0 4 _aTürk edebiyatı, roman
942 _2ddc
_cBK
999 _c10061
_d10061
900 _bCan ÇELIK